| 000 | 00962nam a2200241 a 4500 | ||
|---|---|---|---|
| 001 | BRCA_7109 | ||
| 005 | 20190321142923.0 | ||
| 008 | 281211s1900----gw-a######---#000-0#ger-# | ||
| 041 | _ager | ||
| 044 | _agw | ||
| 050 | 4 | _b.E75 1900 | |
| 100 | 1 |
_aErler, Johannes _917674 |
|
| 245 | 1 | 0 |
_aIn treue Fest! _bgesammelte Briefe aus großer ernster Zeit _cvon Johannes Erler und Meine Erlebnisse an der Westfront : wahrheitsgetreue Schilderungen aus den Schlachten, Kämpfe an der Aisne, vom 22. Okt. 1914 bis 27. Dez. 1914 ... / von Eugen Pickartz. |
| 260 |
_a[S.l. _bs.n. _c19--] |
||
| 300 |
_a100 p. _bil. _c19 cm. |
||
| 500 | _aO124 | ||
| 650 | 1 | 4 |
_aPrimera Guerra Mundial _xRelatos personales _y1914-1918 _zAlemania _917675 |
| 650 | 1 | 4 |
_aPrimera Guerra Mundial _xRelatos personales _y1914-1918 _zEstados Unidos _917676 |
| 650 | 1 | 4 |
_aPrimera Guerra Mundial _xCampañas _y1914-1918 _zFrancia _917677 |
| 700 | 1 |
_aPickartz, Eugen _917678 |
|
| 902 | _aGFM | ||
| 942 |
_2lcc _cB |
||
| 999 |
_c6790 _d6790 |
||